[Event "Niedersachsen-ch op-A"]
[Site "Verden an der Aller"]
[Date "2020.01.05"]
[Round "7"]
[White "Sauer, Joris"]
[Black "Hesse, Juergen"]
[Result "0-1"]
[WhiteElo "1677"]
[BlackElo "1882"]
[PlyCount "48"]
[EventDate "2020.01.02"]
[EventType "swiss"]
[EventRounds "7"]
[EventCountry "GER"]
[SourceTitle "EXT 2023"]
[Source "ChessBase"]
[SourceDate "2022.10.05"]
[SourceVersion "1"]
[SourceVersionDate "2022.10.05"]
[SourceQuality "1"]

1. e4 e5 2. Qh5 Nc6 3. Bc4 g6 4. Qf3 Nf6 5. Ne2 Bg7 6. Nbc3 0-0 7. d3 h6 8. Be3 d6 9. h3 a6 10. g4 Nh7 11. h4 Nd4 12. Bxd4 exd4 13. Nd5 Be6 14. Nef4 c6 15. Qh3 cxd5 16. Bxd5 Qf6 17. Qg3 Qe5 18. Bxe6 fxe6 19. Nxg6 Qxg3 20. fxg3 Rf7 21. Ke2 Nf6 22. g5 Nh5 23. Rhg1 Kh7 24. Ne5 Bxe5 0-1

[Event "Niedersachsen-ch op-A"]
[Site "Verden an der Aller"]
[Date "2020.01.03"]
[Round "3"]
[White "Lange, Torsten"]
[Black "Hesse, Juergen"]
[Result "1-0"]
[WhiteElo "2067"]
[BlackElo "1882"]
[PlyCount "41"]
[EventDate "2020.01.02"]
[EventType "swiss"]
[EventRounds "7"]
[EventCountry "GER"]
[SourceTitle "EXT 2023"]
[Source "ChessBase"]
[SourceDate "2022.10.05"]
[SourceVersion "1"]
[SourceVersionDate "2022.10.05"]
[SourceQuality "1"]

1. c4 Nf6 2. Nc3 g6 3. Nf3 Bg7 4. g3 d6 5. Bg2 0-0 6. 0-0 c5 7. d4 cxd4 8. Nxd4 a6 9. b3 Qd7 10. Bb2 Nc6 11. Rc1 Rb8 12. Rc2 Ne8 13. Nd5 Nxd4 14. Bxd4 Nc7 15. Bxg7 Kxg7 16. Qd4+ Kg8 17. Qb6 Nxd5 18. cxd5 e5 19. Qa7 Qb5 20. Qxb8 Bf5 21. Qc7 1-0

[Event "Niedersachsen-ch op A"]
[Site "Verden"]
[Date "2018.01.05"]
[Round "4"]
[White "Hesse, Juergen"]
[Black "Koch, Yannick"]
[Result "1/2-1/2"]
[WhiteElo "1920"]
[BlackElo "2061"]
[PlyCount "57"]
[EventDate "2018.01.04"]
[EventType "swiss"]
[EventRounds "7"]
[EventCountry "GER"]
[SourceTitle "EXT 2022"]
[Source "ChessBase"]
[SourceDate "2021.10.06"]
[SourceVersion "1"]
[SourceVersionDate "2021.10.06"]
[SourceQuality "1"]

1. e4 c5 2. Nc3 e6 3. f4 Nc6 4. Nf3 a6 5. d4 cxd4 6. Nxd4 Qc7 7. Nb3 b5 8. a3 d6 9. Be3 Bb7 10. Bd3 Nf6 11. 0-0 Be7 12. Qf3 Rd8 13. Rae1 0-0 14. Qh3 e5 15. f5 Nb8 16. Rf3 d5 17. exd5 Bxd5 18. Nxd5 Rxd5 19. Nd2 Nbd7 20. Rg3 Kh8 21. Bg5 Nc5 22. Bxf6 Bxf6 23. Ne4 Nxe4 24. Rxe4 Qc5+ 25. Kf1 Rd4 26. Qg4 Rfd8 27. Rh3 Rxe4 28. Qxe4 Qd5 29. Qxd5 1/2-1/2

[Event "Niedersachsen-ch op-B"]
[Site "Verden"]
[Date "2017.01.06"]
[Round "3"]
[White "Behn, Cord"]
[Black "Hesse, Juergen"]
[Result "1/2-1/2"]
[WhiteElo "1839"]
[BlackElo "1938"]
[PlyCount "60"]
[EventDate "2017.01.05"]
[EventType "swiss"]
[EventRounds "7"]
[EventCountry "GER"]
[SourceTitle "CBM 187 Extra"]
[Source "ChessBase"]
[SourceDate "2018.11.04"]
[SourceVersion "1"]
[SourceVersionDate "2018.11.04"]
[SourceQuality "1"]

1. c4 Nf6 2. Nc3 g6 3. g3 Bg7 4. Bg2 d6 5. Nf3 0-0 6. 0-0 c6 7. d4 Nbd7 8. e4 e5 9. b3 Re8 10. Re1 a6 11. dxe5 dxe5 12. Bb2 Qc7 13. Qd2 Bf8 14. Rad1 b5 15. cxb5 axb5 16. a4 bxa4 17. bxa4 Bb4 18. Qc2 Nc5 19. Ra1 Be6 20. Nd2 Qa5 21. Bf1 Rad8 22. Nc4 Qc7 23. Red1 Rxd1 24. Rxd1 Bg4 25. Re1 Bf3 26. Bg2 Bxg2 27. Kxg2 Nfd7 28. Rd1 f6 29. Na2 Ba5 30. Ba3 Qa7 1/2-1/2

[Event "Lueneburg op"]
[Site "Lueneburg"]
[Date "2013.07.18"]
[Round "4"]
[White "Buecker, Simone"]
[Black "Hesse, Juergen"]
[Result "0-1"]
[WhiteElo "1640"]
[BlackElo "2028"]
[PlyCount "76"]
[EventDate "2013.07.15"]
[EventType "swiss"]
[EventRounds "7"]
[EventCountry "GER"]
[SourceTitle "CBM 155 Extra"]
[Source "ChessBase"]
[SourceDate "2013.08.26"]
[SourceVersion "1"]
[SourceVersionDate "2013.08.26"]
[SourceQuality "1"]

1. d4 Nf6 2. Bf4 g6 3. Nf3 Bg7 4. h3 d6 5. e3 0-0 6. Nbd2 Nbd7 7. c3 c5 8. Be2 b6 9. 0-0 Bb7 10. Rc1 Nd5 11. Bh2 e5 12. dxe5 dxe5 13. Nc4 Qe7 14. Qb3 Nc7 15. Rfd1 Bd5 16. Qc2 f5 17. b3 Rad8 18. Rd2 Be4 19. Qd1 f4 20. a3 b5 21. Nb2 Nb6 22. exf4 Rxd2 23. Qxd2 exf4 24. Rd1 Nbd5 25. c4 Nc3 26. Rc1 Qf6 27. Nd1 b4 28. axb4 cxb4 29. Nxc3 bxc3 30. Qd7 Ne6 31. Qa4 c2 32. c5 Qb2 33. Qxe4 Qxc1+ 34. Bf1 Qxf1+ 35. Kxf1 c1Q+ 36. Ke2 Nc7 37. Qc6 Re8+ 38. Kd3 Qc3# 0-1

[Event "Niedersachsen-ch op-A"]
[Site "Verden"]
[Date "2013.01.05"]
[Round "6"]
[White "Hesse, Juergen"]
[Black "Koch, Yannick"]
[Result "1-0"]
[WhiteElo "2030"]
[BlackElo "1703"]
[PlyCount "97"]
[EventDate "2013.01.03"]
[EventType "swiss"]
[EventRounds "7"]
[EventCountry "GER"]
[SourceTitle "EXT 2014"]
[Source "ChessBase"]
[SourceDate "2013.11.20"]
[SourceVersion "1"]
[SourceVersionDate "2013.11.20"]
[SourceQuality "1"]

1. e4 e6 2. d4 d5 3. Nd2 Nf6 4. e5 Nfd7 5. Bd3 c5 6. c3 Nc6 7. Ne2 cxd4 8. cxd4 f6 9. exf6 Nxf6 10. 0-0 Bd6 11. Nf3 Qc7 12. Bg5 0-0 13. Bh4 Nh5 14. Bg3 Nxg3 15. fxg3 Bd7 16. Rc1 Be8 17. Ng5 Rxf1+ 18. Qxf1 h6 19. Nxe6 Qe7 20. N6f4 Nxd4 21. Nxd5 Qe5 22. Nxd4 Qxd4+ 23. Kh1 Bc6 24. Qf5 Bxd5 25. Rf1 g6 26. Qxg6+ Qg7 27. Qxd6 Bxa2 28. Rf6 Re8 29. Kg1 Bf7 30. Bc4 Bxc4 31. Rg6 Re1+ 32. Kf2 Rf1+ 33. Ke3 Re1+ 34. Kd2 Re2+ 35. Kd1 Rxg2 36. Rxg7+ Kxg7 37. Qe5+ Kf7 38. Qf4+ Kg7 39. Qxc4 Rxh2 40. g4 Rg2 41. Qe4 Rg1+ 42. Kc2 Ra1 43. Qxb7+ Kg6 44. Qe4+ Kg7 45. b4 Ra3 46. b5 Ra5 47. Qb4 Ra2+ 48. Kb3 Re2 49. Qd4+ 1-0

[Event "Niedersachsen-ch op-A"]
[Site "Verden"]
[Date "2013.01.03"]
[Round "1"]
[White "Kramer, Norbert"]
[Black "Hesse, Juergen"]
[Result "0-1"]
[WhiteElo "1794"]
[BlackElo "2030"]
[PlyCount "130"]
[EventDate "2013.01.03"]
[EventType "swiss"]
[EventRounds "7"]
[EventCountry "GER"]
[SourceTitle "EXT 2014"]
[Source "ChessBase"]
[SourceDate "2013.11.20"]
[SourceVersion "1"]
[SourceVersionDate "2013.11.20"]
[SourceQuality "1"]

1. Nf3 Nf6 2. c4 g6 3. Nc3 Bg7 4. d4 d6 5. e3 0-0 6. Be2 c6 7. 0-0 Na6 8. Bd2 Nc7 9. b4 b6 10. Rc1 c5 11. Qb3 Nd7 12. Rfd1 e6 13. Nb5 Nxb5 14. cxb5 Re8 15. Bc3 Qe7 16. a4 Bb7 17. Qb2 e5 18. d5 f5 19. Bc4 Rac8 20. Qe2 Rc7 21. a5 h6 22. a6 Bc8 23. bxc5 Nxc5 24. Bb4 Bd7 25. Rc2 Rec8 26. Rdc1 Kh7 27. Ne1 e4 28. Bxc5 dxc5 29. Rd1 Be5 30. g3 Bd6 31. f4 Rg8 32. Qf1 Qf6 33. Rdc1 Bc8 34. Ra2 Rcg7 35. Rcc2 g5 36. Rg2 h5 37. Kh1 Kg6 38. Rac2 Kf7 39. Ra2 Rh8 40. Raf2 g4 41. Kg1 Rgh7 42. Ra2 h4 43. Kf2 Rh5 44. Ke2 hxg3 45. hxg3 Rh1 46. Rg1 R8h2+ 47. Ng2 Qc3 48. Kf2 Bxf4 49. Qe2 Rxg1 50. Kxg1 Bxg3 51. Rc2 Qa1+ 52. Qf1 Qxf1+ 53. Kxf1 Bd6 54. Kf2 Kf6 55. Kg1 Kg5 56. Rf2 g3 57. Rd2 f4 58. exf4+ Bxf4 59. Re2 Kf5 60. d6 Bxd6 61. Ne3+ Kg5 62. Rxh2 gxh2+ 63. Kh1 Bf4 64. Nf1 Kf6 65. Be2 Ke5 0-1

[Event "Niedersachsen-ch op"]
[Site "Verden"]
[Date "2011.01.04"]
[Round "5"]
[White "Schneider, Alexander"]
[Black "Hesse, Juergen"]
[Result "1/2-1/2"]
[WhiteElo "1969"]
[BlackElo "2048"]
[PlyCount "28"]
[EventDate "2011.01.02"]
[EventType "swiss"]
[EventRounds "7"]
[EventCountry "GER"]
[SourceTitle "EXT 2018"]
[Source "ChessBase"]
[SourceDate "2017.10.13"]
[SourceVersion "1"]
[SourceVersionDate "2017.10.13"]
[SourceQuality "1"]

1. c4 Nf6 2. b3 g6 3. Bb2 Bg7 4. g3 d6 5. d4 Nbd7 6. Nf3 0-0 7. Bg2 c6 8. 0-0 Qc7 9. Qc2 e5 10. Nbd2 Re8 11. dxe5 dxe5 12. e4 a5 13. a3 b6 14. Rfd1 Bb7 1/2-1/2